[Event "Enniscrone Sligo op-A"]
[Site "Enniscrone"]
[Date "2025.02.01"]
[Round "2"]
[White "Scott, Luke"]
[Black "Nikiforov, Sergey"]
[Result "1/2-1/2"]
[WhiteElo "1931"]
[BlackElo "1915"]
[PlyCount "41"]
[EventDate "2025.01.31"]
[EventType "swiss"]
[EventRounds "5"]
[EventCountry "IRL"]
[SourceTitle "CB06_2025"]
[SourceDate "2025.02.05"]
[SourceVersion "1"]
[SourceVersionDate "2025.02.05"]
[SourceQuality "1"]

1. e4 Nf6 2. e5 Nd5 3. d4 d6 4. c4 Nb6 5. exd6 exd6 6. Nf3 Nc6 7. h3 g6 8. Be2 Bg7 9. 0-0 0-0 10. Nc3 Bf5 11. Bf4 Re8 12. Qd2 a6 13. Rfd1 d5 14. cxd5 Nxd5 15. Nxd5 Qxd5 16. Bxc7 Nxd4 17. Nxd4 Qxd4 18. Qxd4 Bxd4 19. Rxd4 Rxe2 20. Rad1 Rae8 21. R1d2 1/2-1/2